Шпуровое разрушение горных пород и бетона; Известия Томского политехнического университета [Известия ТПУ]; Т. 321, № 2 : Математика и механика. Физика
| Parent link: | Известия Томского политехнического университета [Известия ТПУ]/ Томский политехнический университет (ТПУ).— , 2000- Т. 321, № 2 : Математика и механика. Физика.— 2012.— [С. 136-140] |
|---|---|
| Kolejni autorzy: | , , , |
| Streszczenie: | Заглавие с титульного листа Электронная версия печатной публикации Исследованы процессы шпурового разрушения горных пород и бетона с использованием электровзрывного полиэтиленового картриджа. Приведены результаты лабораторных измерений тока, напряжения; произведен расчет сопротивления канала разряда и динамики энерговыделения в нем при инициировании разряда взрывающимся проводником как в воде, так и в полиэтиленовом капилляре. Установлено, что в канале капиллярного разряда выделение энергии в первый полупериод колебаний тока на ~15 % выше, чем в канале разряда в воде. Показано, что при запасенной энергии в емкостном накопителе ~30 кДж происходит электроразрядное разрушение образцов размером до 100.60.60 см. |
| Język: | rosyjski |
| Wydane: |
2012
|
| Seria: | Математика и механика. Физика |
| Hasła przedmiotowe: | |
| Dostęp online: | http://earchive.tpu.ru/bitstream/11683/4384/1/bulletin_tpu-2012-321-2-29.pdf |
| Format: | Elektroniczne Rozdział |
| KOHA link: | https://koha.lib.tpu.ru/cgi-bin/koha/opac-detail.pl?biblionumber=223044 |
MARC
| LEADER | 00000nla2a2200000 4500 | ||
|---|---|---|---|
| 001 | 223044 | ||
| 005 | 20250514110247.0 | ||
| 035 | |a (RuTPU)RU\TPU\book\243276 | ||
| 035 | |a RU\TPU\book\243274 | ||
| 090 | |a 223044 | ||
| 100 | |a 20121004d2012 k y0rusy50 ca | ||
| 101 | 0 | |a rus | |
| 102 | |a RU | ||
| 135 | |a drnn ---uucaa | ||
| 181 | 0 | |a i | |
| 182 | 0 | |a b | |
| 200 | 1 | |a Шпуровое разрушение горных пород и бетона |f Н. А. Иванов [и др.] | |
| 203 | |a Текст |c электронный | ||
| 215 | |a 1 файл (731 Кб) | ||
| 225 | 1 | |a Математика и механика. Физика | |
| 300 | |a Заглавие с титульного листа | ||
| 300 | |a Электронная версия печатной публикации | ||
| 320 | |a [Библиогр.: с. 140 (7 назв.)] | ||
| 330 | |a Исследованы процессы шпурового разрушения горных пород и бетона с использованием электровзрывного полиэтиленового картриджа. Приведены результаты лабораторных измерений тока, напряжения; произведен расчет сопротивления канала разряда и динамики энерговыделения в нем при инициировании разряда взрывающимся проводником как в воде, так и в полиэтиленовом капилляре. Установлено, что в канале капиллярного разряда выделение энергии в первый полупериод колебаний тока на ~15 % выше, чем в канале разряда в воде. Показано, что при запасенной энергии в емкостном накопителе ~30 кДж происходит электроразрядное разрушение образцов размером до 100.60.60 см. | ||
| 337 | |a Adobe Reader | ||
| 461 | 1 | |0 (RuTPU)RU\TPU\book\176237 |t Известия Томского политехнического университета [Известия ТПУ] |f Томский политехнический университет (ТПУ) |d 2000- | |
| 463 | 1 | |0 (RuTPU)RU\TPU\book\243214 |x 1684-8519 |t Т. 321, № 2 : Математика и механика. Физика |v [С. 136-140] |d 2012 | |
| 610 | 1 | |a электровзрывы | |
| 610 | 1 | |a электроразрядные разрушения | |
| 610 | 1 | |a капиллярные разряды | |
| 610 | 1 | |a негабариты | |
| 610 | 1 | |a передающая среда | |
| 610 | 1 | |a электровзрывные полиэтиленовые картриджи | |
| 610 | 1 | |a горные породы | |
| 610 | 1 | |a бетон | |
| 610 | 1 | |a шпуровое разрушение | |
| 610 | 1 | |a труды учёных ТПУ | |
| 610 | 1 | |a электронный ресурс | |
| 701 | 1 | |a Иванов |b Н. А. |c специалист в области электротехники |c инженер-исследователь Томского политехнического университета |f 1986- |g Никита Александрович |3 (RuTPU)RU\TPU\pers\29872 | |
| 701 | 1 | |a Пивоваров |b М. И. |c специалист в области электрофизики |c инженер-исследователь Томского политехнического университета |f 1989- |g Максим Игоревич |3 (RuTPU)RU\TPU\pers\29873 | |
| 701 | 1 | |a Войтенко |b Н. В. |c специалист в области электрофизики |c инженер Томского политехнического университета |f 1989- |g Никита Валерьевич |3 (RuTPU)RU\TPU\pers\29871 | |
| 701 | 1 | |a Юдин |b А. С. |c специалист в области электрофизики |c научный сотрудник Томского политехнического университета, кандидат технических наук |f 1984- |g Артём Сергеевич |3 (RuTPU)RU\TPU\pers\30035 |9 14469 | |
| 801 | 1 | |a RU |b 63413507 |c 20090623 |g PSBO | |
| 801 | 2 | |a RU |b 63413507 |c 20220114 |g PSBO | |
| 850 | |a 63413507 | ||
| 856 | 4 | |u http://earchive.tpu.ru/bitstream/11683/4384/1/bulletin_tpu-2012-321-2-29.pdf | |
| 942 | |c CF | ||